2014 - 2022 Formula One Podiums - Statistics

General Stats
  • This quiz has been taken 1,743 times
  • The average score is 20 of 22
Answer Stats
Answer % Correct
Lewis Hamilton
100%
Max Verstappen
100%
Charles Leclerc
98%
Daniel Ricciardo
98%
Sebastian Vettel
98%
Carlos Sainz
97%
Lando Norris
97%
Sergio Perez
97%
Valtteri Bottas
97%
Fernando Alonso
96%
Pierre Gasly
96%
Kimi Raikkonen
95%
Nico Rosberg
95%
Esteban Ocon
94%
George Russell
93%
Lance Stroll
87%
Alexander Albon
85%
Jenson Button
77%
Daniil Kvyat
76%
Felipe Massa
75%
Kevin Magnussen
74%
Romain Grosjean
58%
No matching quizzes found
Score Distribution
Percent of People with Each Score
Percentile by Number Answered
Your Score History
You have not taken this quiz